[Event "GER-chT North U16"]
[Site "Syke"]
[Date "2004.09.17"]
[Round "3.1"]
[White "Zur, Jan"]
[Black "Muecksch, Jonas"]
[Result "1-0"]
[WhiteElo "1815"]
[BlackElo "1575"]
[PlyCount "57"]
[EventDate "2004.09.16"]
[EventType "team-swiss"]
[EventRounds "7"]
[EventCountry "GER"]
[SourceTitle "EXT 2006"]
[Source "ChessBase"]
[SourceDate "2005.11.24"]
[SourceVersion "1"]
[SourceVersionDate "2005.11.24"]
[SourceQuality "1"]

1. e4 e5 2. Nf3 Nc6 3. d4 exd4 4. Bc4 Bb4+ 5. c3 dxc3 6. 0-0 Nge7 7. bxc3 Bc5 8. Bf4 0-0 9. Ng5 h6 10. Nxf7 Rxf7 11. Bxf7+ Kxf7 12. Qh5+ Kg8 13. Qxc5 d6 14. Qc4+ Kh8 15. Nd2 Ng6 16. Bg3 Qe7 17. Nf3 a6 18. Rab1 Be6 19. Qe2 b5 20. Rfe1 Bc4 21. Qc2 Nce5 22. Nxe5 Nxe5 23. Bxe5 Qxe5 24. Qd2 a5 25. Qd4 Qxd4 26. cxd4 Bxa2 27. Rxb5 a4 28. Ra1 Bb3 29. Rxb3 1-0

[Event "GER-chT North U16"]
[Site "Syke"]
[Date "2004.09.16"]
[Round "1.1"]
[White "Harder, Clemens"]
[Black "Muecksch, Jonas"]
[Result "0-1"]
[WhiteElo "1794"]
[BlackElo "1575"]
[PlyCount "92"]
[EventDate "2004.09.16"]
[EventType "team-swiss"]
[EventRounds "7"]
[EventCountry "GER"]
[SourceTitle "EXT 2006"]
[Source "ChessBase"]
[SourceDate "2005.11.24"]
[SourceVersion "1"]
[SourceVersionDate "2005.11.24"]
[SourceQuality "1"]

1. e4 e5 2. Nf3 Nc6 3. Bb5 Nf6 4. 0-0 Nxe4 5. Re1 Nd6 6. Nxe5 Nxe5 7. Rxe5+ Be7 8. Ba4 0-0 9. Nc3 Ne8 10. d3 c6 11. Bd2 d5 12. Qf1 Bd6 13. Ree1 Qh4 14. h3 f6 15. Bb3 g5 16. Ne4 Bc7 17. Bb4 Rf7 18. Nxg5 fxg5 19. Rxe8+ Kg7 20. Bc3+ Kg6 21. Rg8+ Kh6 22. Re1 Bh2+ 23. Kxh2 Rxf2 24. Qxf2 Qxf2 25. Bg7+ Kh5 26. Re5 Bxh3 27. Rxg5+ Kxg5 28. Bd4+ Rxg8 29. Bxf2 Bg4 30. Bxa7 Re8 31. c4 dxc4 32. dxc4 Re2 33. Bd4 Kf4 34. Bd1 Rd2 35. Bxg4 Rxd4 36. Bc8 b6 37. b3 Rd2 38. Bb7 c5 39. a3 Rd3 40. b4 Rxa3 41. bxc5 bxc5 42. Bc6 Ke5 43. Kg1 Kd4 44. Bd5 Rc3 45. Kf2 Rxc4 46. Bxc4 Kxc4 0-1

[Event "GER-chT North U16"]
[Site "Syke"]
[Date "2004.09.16"]
[Round "2.1"]
[White "Muecksch, Jonas"]
[Black "Junge, Matthias"]
[Result "0-1"]
[WhiteElo "1575"]
[BlackElo "1616"]
[PlyCount "104"]
[EventDate "2004.09.16"]
[EventType "team-swiss"]
[EventRounds "7"]
[EventCountry "GER"]
[SourceTitle "EXT 2006"]
[Source "ChessBase"]
[SourceDate "2005.11.24"]
[SourceVersion "1"]
[SourceVersionDate "2005.11.24"]
[SourceQuality "1"]

1. e4 c5 2. Nc3 Nc6 3. d3 g6 4. Be3 d6 5. Qd2 Bg7 6. Be2 e6 7. f3 a6 8. g4 b6 9. f4 d5 10. exd5 exd5 11. Bf2 Bb7 12. Bf3 Nd4 13. Bg2 Ne7 14. 0-0-0 0-0 15. h4 Nb5 16. Nge2 Nd6 17. h5 Rc8 18. Rh3 d4 19. Ne4 Nxe4 20. dxe4 f5 21. gxf5 gxf5 22. h6 Bf6 23. exf5 Bxg2 24. Rg3+ Kh8 25. Rxg2 Qd5 26. Rdg1 Qxa2 27. c3 Rfd8 28. c4 Qxc4+ 29. Kd1 Nxf5 30. Ke1 Re8 31. Kf1 Ne3+ 32. Bxe3 dxe3 33. Qd6 Bxb2 34. Qxb6 Rb8 35. Qc7 Red8 36. Rg7 Qe4 37. Rd7 Qf3+ 38. Ke1 Bc3+ 39. Kd1 Rb1+ 40. Kc2 Qxe2+ 41. Kxc3 Qb2+ 42. Kd3 Rxd7+ 43. Qxd7 Qd2+ 44. Ke4 Rb4+ 45. Ke5 Qxd7 46. Rg7 Qd4+ 47. Ke6 Rb6+ 48. Kf5 Rf6+ 49. Kg4 Qxf4+ 50. Kh3 Qxh6+ 51. Kg3 Qxg7+ 52. Kh2 Rh6# 0-1